Private property, government requisition and the Constitution, 1914-1927 /

Bibliographic Details
Main Author: Rubin, Gerry R., 1948-
Format: Book
Language:English
Published: London ; Rio Grande, Ohio : Hambledon Press, 1994.
Subjects:

MARC

Tag First Indicator Second Indicator Subfields
LEADER 00000cam a2200000 a 4500
001 in00001402380
005 20151020055340.0
008 931217s1994 enk b 001 0 eng
010 |a  93048977  
015 |a GB94-26027 
020 |a 1852850981 (acid-free paper) 
035 |a (OCoLC)29634921 
035 |9 AHN4249AM 
040 |a DLC  |c DLC  |d TXA  |d UtOrBLW 
043 |a e-uk--- 
049 |a TXAM 
050 0 0 |a KD5118.2  |b .R83 1994 
082 0 0 |a 343.41/0252  |a 344.103252  |2 20 
100 1 |a Rubin, Gerry R.,  |d 1948- 
245 1 0 |a Private property, government requisition and the Constitution, 1914-1927 /  |c G.R. Rubin. 
264 1 |a London ;  |a Rio Grande, Ohio :  |b Hambledon Press,  |c 1994. 
300 |a x, 263 pages ;  |c 24 cm. 
336 |a text  |b txt  |2 rdacontent 
337 |a unmediated  |b n  |2 rdamedia 
338 |a volume  |b nc  |2 rdacarrier 
504 |a Includes bibliographical references (pages 249-256) and index. 
650 0 |a World War, 1914-1918  |x Law and legislation  |z Great Britain. 
650 0 |a World War, 1914-1918  |x Confiscations and contributions  |z Great Britain. 
650 0 |a Requisitions, Military  |z Great Britain  |x History. 
650 0 |a Eminent domain  |z Great Britain  |x History. 
650 0 |a Compensation (Law)  |z Great Britain  |x History. 
948 |a c:dm 
999 |a MARS 
999 f f |s 8a9eb32f-a8a0-3618-a1ab-1d6d71a51630  |i 89f4b30e-3b2e-3acf-9453-46c70058e7ee  |t 0 
952 f f |p ric  |a Texas A&M University  |b Rellis Campus  |c Joint Library Facility  |d Remote Storage  |t 0  |e KD5118.2 .R83 1994  |h Library of Congress classification  |i unmediated -- volume  |m A14823437817 
998 f f |a KD5118.2 .R83 1994  |t 0  |l Remote Storage